Indigenous knowledge systems : implications for agriculture and international development / (Record no. 506)

MARC details
000 -LEADER
fixed length control field 01138nam a22002657a 4500
001 - CONTROL NUMBER
control field 2476794
005 - DATE AND TIME OF LATEST TRANSACTION
control field 20230728123502.0
008 - FIXED-LENGTH DATA ELEMENTS--GENERAL INFORMATION
fixed length control field 230728b |||||||| |||| 00| 0 eng d
020 ## - INTERNATIONAL STANDARD BOOK NUMBER
International Standard Book Number 0945271158
040 ## - CATALOGING SOURCE
Original cataloging agency DLC
Transcribing agency KMU
Modifying agency KMU
Description conventions rda
050 00 - LIBRARY OF CONGRESS CALL NUMBER
Classification number S 494.5.I47 Ind
245 00 - TITLE STATEMENT
Title Indigenous knowledge systems : implications for agriculture and international development /
Statement of responsibility, etc. edited by D. Michael Warren, L. Jan Slikkerveer, S. Oguntunji Titilola.
260 ## - PUBLICATION, DISTRIBUTION, ETC.
Place of publication, distribution, etc. Ames, Iowa, USA :
Name of publisher, distributor, etc. Technology and Social Change Program, Iowa State University ;
Place of publication, distribution, etc. Washington, D.C., USA :
Name of publisher, distributor, etc. Academy for Educational Development,
Date of publication, distribution, etc. c1989.
300 ## - PHYSICAL DESCRIPTION
Extent 186 p. ;
Dimensions 28 cm.
440 #0 - SERIES STATEMENT/ADDED ENTRY--TITLE
Title Studies in technology and social change series,
International Standard Serial Number 0896-1905 ;
Volume/sequential designation no. 11
650 #0 - SUBJECT ADDED ENTRY--TOPICAL TERM
Topical term or geographic name entry element Traditional farming.
650 #0 - SUBJECT ADDED ENTRY--TOPICAL TERM
Topical term or geographic name entry element Ethnoscience.
650 #0 - SUBJECT ADDED ENTRY--TOPICAL TERM
Topical term or geographic name entry element Traditional farming
Geographic subdivision Africa.
650 #0 - SUBJECT ADDED ENTRY--TOPICAL TERM
Topical term or geographic name entry element Agricultural innovations.
650 #0 - SUBJECT ADDED ENTRY--TOPICAL TERM
Topical term or geographic name entry element Agricultural assistance
General subdivision Management.
650 #0 - SUBJECT ADDED ENTRY--TOPICAL TERM
Topical term or geographic name entry element Rural development.
906 ## - LOCAL DATA ELEMENT F, LDF (RLIN)
a 7
b cbc
c orignew
d 2
e ncip
f 19
g y-gencatlg
942 ## - ADDED ENTRY ELEMENTS (KOHA)
Source of classification or shelving scheme Library of Congress Classification
Koha item type Non-Fiction
Suppress in OPAC No
Holdings
Withdrawn status Lost status Source of classification or shelving scheme Damaged status Not for loan Collection Home library Current library Shelving location Date acquired Source of acquisition Total Checkouts Full call number Barcode Date last seen Price effective from Koha item type
    Library of Congress Classification     Non-fiction Kapasa Makasa University Kapasa Makasa University Open Access 28.07.2023 CBU Library   S 494.5.I47 Ind 724567 28.07.2023 28.07.2023 Non-Fiction